US Border State Pairs Quiz Stats

 Plays Quiz Updated Sep 2, 2014

Support Sporcle.
Go Orange.
Score 0/25 Timer 02:00
0 Plays Today
% Correct
New York and New Jersey
83.1%
California and Arizona
78.8%
Arizona and Nevada
77.5%
Indiana and Illinois
77.5%
Rhode Island and Massachusetts
75.4%
Maryland and Virginia
74.9%
Minnesota and Wisconsin
74.2%
Michigan and Ohio
72.6%
West Virginia and Pennsylvania
72.4%
Wyoming and Colorado
71.8%
Vermont and New York
70%
Illinois and Iowa
68.4%
Georgia and Tennessee
67.9%
% Correct
Texas and Arkansas
67.7%
Montana and South Dakota
66.6%
Massachusetts and Vermont
66.2%
Missouri and Arkansas
65.6%
Idaho and Utah
65.2%
Virginia and Kentucky
63.6%
Tennessee and Virginia
62.2%
South Dakota and Iowa
61.6%
Delaware and Pennsylvania
60.7%
Nebraska and Wyoming
56%
Nebraska and Missouri
54.5%
Oklahoma and New Mexico
49%

You're not logged in!

Compare scores with friends on all Sporcle quizzes.
OR
Log In

From the Vault

US 'A' Cities on a Map

by RobPro

Certain states like their 'A' cities more than the rest.
Remove Ads.
Support Sporcle.
Get the best of Sporcle when you Go Orange. This ad-free experience offers more features, more stats, and more fun while also helping to support Sporcle. Thank you for becoming a member.

Show Comments

Extras

Top Quizzes Today


Score Distribution

Your Account Isn't Verified!

In order to create a playlist on Sporcle, you need to verify the email address you used during registration. Go to your Sporcle Settings to finish the process.

Report this User

Report this user for behavior that violates our Community Guidelines.

Details: